LEADER 01112nam--2200373---450- 001 990006017870203316 005 20150319092947.0 010 $a88-317-4638-3 035 $a000601787 035 $aUSA01000601787 035 $a(ALEPH)000601787USA01 035 $a000601787 100 $a20150319d1983----km-y0itay50------ba 101 $aita 102 $aIT 105 $a||||||||001yy 200 1 $aCrepereia Tryphaena$ele scoperte archeologiche nell'area del Palazzo di Giustizia$f[Saggi introduttivi e schede a cura di Guido Devoto...(et al.)] 210 $aVenezia$cMarsilio$d1983 215 $a76 p.$cill.$d22 cm 225 2 $aRoma Capitale 1870-1911$v6 410 0$12001$aRoma Capitale 1870-1911$v6 454 1$12001 461 1$1001-------$12001 606 0 $aScavi archeologici$yRoma$2BNCF 676 $a937.63 801 0$aIT$bsalbc$gISBD 912 $a990006017870203316 951 $aAA 9,38$b173 DSA 959 $aBK 969 $aDSA 979 $aDSA$b90$c20150319$lUSA01$h0927 979 $aDSA$b90$c20150319$lUSA01$h0929 996 $aCrepereia Tryphaena$9288553 997 $aUNISA LEADER 01747nam0 2200397 i 450 001 VAN0068219 005 20211117020324.989 010 $a978-35-408-5817-1 100 $a20090318d2009 |0itac50 ba 101 $aeng 102 $aDE 105 $a|||| ||||| 200 1 $aLower central and dimension series of groups$fRoman Mikhailov, Inder Bir Singh Passi 210 $aBerlin$cSpringer$d2009 215 $aXXI, 346 p.$d24 cm 300 $aPubblicazione disponibile anche in formato elettronico 461 1$1001VAN0102250$12001 $aLecture notes in mathematics$1210 $aBerlin [etc.]$cSpringer$v1952 500 1$3VAN0234654$aLower central and dimension series of groups$9774026 606 $a20-XX$xGroup theory and generalizations [MSC 2020]$3VANC019715$2MF 606 $a18Gxx$xHomological algebra in category theory, derived categories and functors [MSC 2020]$3VANC021293$2MF 610 $aDEX$9KW:K 610 $aGroup rings$9KW:K 610 $aGroup theory$9KW:K 610 $aGroups$9KW:K 610 $aSimplical Objects$9KW:K 620 $dBerlin$3VANL000066 700 1$aMikhailov$bRoman$3VANV054027$0315665 701 1$aPassi$bInder Bir Singh$3VANV054028$058117 712 $aSpringer $3VANV108073$4650 801 $aIT$bSOL$c20240614$gRICA 856 4 $uhttps://doi.org/10.1007/978-3-540-85818-8$zhttps://doi.org/10.1007/978-3-540-85818-8 899 $aBIBLIOTECA DEL DIPARTIMENTO DI MATEMATICA E FISICA$1IT-CE0120$2VAN08 912 $aVAN0068219 950 $aBIBLIOTECA DEL DIPARTIMENTO DI MATEMATICA E FISICA$d08PREST 20-XX 2764 $e08 8498 I 20090528 996 $aLower Central and Dimension Series of Groups$9774026 997 $aUNICAMPANIA